000 00816nam a2200265 a 4500
001 44911
003 BD-RjUL
005 20211209053933.0
008 160721s1981 nyua b 001 0 eng
020 _a0155189050
035 _a(BD-RjUL)45029
040 _aDLC
_cDLC
_dDLC
_beng
041 _aeng
082 0 0 _a338.9
_219
_bLOE 1981
100 1 _aLoehr, William.
_9137626
245 1 4 _aThe economics of development and distribution /
_cWilliam Loehr, John P. Powelson.
260 _aNew York :
_bHarcourt Brace Jovanovich,
_cc1981.
300 _axi, 436 p. :
_bill. ;
_c24 cm.
504 _aIncludes bibliographies and indexes.
650 0 _aEconomic development.
_9137627
650 0 _aIncome distribution.
_9124386
700 1 _aPowelson, John P.,
_d1920-
_9137628
942 _2ddc
_cBK
999 _c44911
_d44911